00855nam a2200253 i 45000010005000000030009000050050017000140080039000310150017000700400035000870800010001220800008001321000029001402450065001692500025002342600033002593000028002923800016003205040031003365210085003676500020004527100032004728560097005048272KOSZ 00520170701100836.0080520s1965 pl a f f 001 0 pol aPB 1965/4917 aWA NcKOSZ 005/RWdKOSZ 005/RW a628.1 a6631 aRudziński, Bronisław.10aUrządzenia do oczyszczania wody /cBronisław Rudziński. aWyd. 2 popr. i uzup. aWarszawa :b"Arkady",c1965. a356 s. :bil. ;c25 cm. aKsiążki aBibliogr. s. 342. Inddeks.8 aDla techników, inżynierów oraz studentów wydz. inż. i sanit. i wodnej. 4aFiltry do wody.2 aWydawnictwo "Arkady".4pbl. uhttp://koha.tu.koszalin.pl/cgi-bin/koha/opac-detail.pl?biblionumber=8272yKatalog online BPK